[Event "HUN-chT 9394"]
[Site "?"]
[Date "1994.??.??"]
[Round "?"]
[White "Sarosi, Zoltan"]
[Black "Foldi, Jozsef"]
[Result "0-1"]
[WhiteElo "2355"]
[BlackElo "2245"]

1.d4 d5 2.Nf3 Nf6 3.c4 c6 4.Nc3 e6 5.Bf4 dxc4 6.e4 b5 7.e5 Nd5 8.Bd2 Nxc3
9.bxc3 Be7 10.a4 Nd7 11.Qb1 a6 12.Qe4 Nb6 13.Qg4 g6 14.h4 h5 15.Qg3 Bb7 16.Be2 c5
17.O-O cxd4 18.Nxd4 Bxh4 19.Qh3 Nxa4 20.Bf3 Bxf3 21.Qxf3 O-O 22.g4 Bg5 23.Be1 Qd5
24.Qh3 Qxe5 25.Nf3 Qf6 26.gxh5 Kg7 27.hxg6 Qxg6  0-1

[Event "Jakarta"]
[Site "Jakarta"]
[Date "1994.??.??"]
[Round "1"]
[White "Xu Jun"]
[Black "Blatny, Pavel"]
[Result "1/2-1/2"]
[WhiteElo "2550"]
[BlackElo "2525"]

1.d4 Nf6 2.c4 e6 3.Nc3 d5 4.Nf3 c6 5.Qb3 dxc4 6.Qxc4 b5 7.Qb3 Nbd7 8.Bg5 Qa5
9.Bxf6 Nxf6 10.g3 Bb7 11.Bg2 b4 12.O-O Nd7 13.a3 Qb6 14.axb4 Bxb4 15.Na4 Qb5
16.Ne1 a6 17.Nd3 Bd6 18.Qxb5 axb5 19.Nc3 O-O-O 20.Ra7 Bb8 21.Raa1 Kc7 22.Nb4 Rc8
23.Rfc1 Kb6 24.Ne4 Rhd8 25.Nc5 Nxc5 26.dxc5+ Kc7 27.Na6+ Kd7 28.Nxb8+ Rxb8
29.Be4 Kc7 30.Bd3 Rd4 31.f4 Re8 32.Rc2 h6 33.Kf2 e5 34.fxe5 Rxe5 35.Kg2 f6
36.Rf1 Bc8 37.Rf4 Rd8 38.Re4 Rxe4 39.Bxe4 Be6 40.Kf2 Bc4 41.Ke3 Bd5 42.Bd3 Ra8
43.Kd2 Ra4 44.Rc1 Kd7 45.Rf1 Ke7 46.Rf4 Ra1 47.e4 Be6 48.Rf2 Ra2 49.Ke3 Ra4
50.Rd2 Rb4 51.Be2 g5 52.Bd1 Bf7 53.b3 h5 54.Kd3 Bg6 55.Kc3 Rxe4 56.Bc2 Re3+
57.Kd4 Bxc2 58.Kxe3 Bxb3 59.Ke4 Bd5+ 60.Kf5 Kf7 61.h4 Be6+ 62.Ke4 Bd5+ 63.Kf5 Be6+
64.Ke4 b4 65.hxg5 fxg5 66.Ke5 b3 67.Rd4 Bg4 68.Rd3 Be6 69.Rd4 Bg4 70.Rd3 Be6  1/2-1/2

[Event "Jakarta"]
[Site "Jakarta"]
[Date "1994.??.??"]
[Round "10"]
[White "Adianto, Utut"]
[Black "Handoko, Edhi"]
[Result "0-1"]
[WhiteElo "2535"]
[BlackElo "2490"]

1.d4 d5 2.c4 c6 3.Nf3 Nf6 4.Nc3 e6 5.Qb3 Nbd7 6.Bg5 Be7 7.e3 O-O 8.Bd3 dxc4
9.Bxc4 b5 10.Be2 a6 11.Rd1 c5 12.dxc5 Qc7 13.Bxf6 Nxf6 14.O-O Bxc5 15.Ng5 Bb7
16.g3 h6 17.Nh3 Qc6 18.f3 Bxe3+ 19.Kg2 Ba7 20.Nf2 Bxf2 21.Kxf2 Qb6+ 22.Ke1 Rad8
23.Rxd8 Rxd8 24.Nd1 Qa5+ 25.Kf2 Bd5 26.Qa3 Qxa3 27.bxa3 Bxa2 28.Nc3 Bc4 29.Bxc4 bxc4
30.Ke2 Rd3 31.Rc1 Nd5 32.Ne4 Re3+ 33.Kf2 Rxa3 34.Rxc4 Ra2+ 35.Kg1 a5 36.h4 f5
37.Nd6 Kf8 38.Rc5 g6 39.Nc4 Rc2  0-1

[Event "JUG-ch sf"]
[Site "Kladovo"]
[Date "1994.??.??"]
[Round "?"]
[White "Cvetkovic, Srdjan"]
[Black "Karaklajic, Nikola"]
[Result "1/2-1/2"]
[WhiteElo "2470"]
[BlackElo "2380"]

1.c4 e6 2.Nf3 d5 3.d4 Nf6 4.Nc3 c6 5.Qb3 Be7 6.Bg5 O-O 7.e3 Nbd7 8.Be2 h6
9.Bh4 b6 10.cxd5 Nxd5 11.Bxe7 Qxe7 12.Nxd5 exd5 13.O-O Bb7 14.Rac1 Rfc8 15.Rfd1 Rc7
16.h3 Rac8 17.Bd3 g6 18.Re1 c5 19.Qa3 Kf8 20.dxc5 Nxc5 21.Rcd1 Ne6 22.Qxa7 d4
23.Nxd4 Bxg2 24.Nxe6+ fxe6 25.Qa3 Qxa3 26.bxa3 Bxh3 27.Rb1 Rd8 28.Be4 Rd6
29.Rb4 Bf5 30.Bxf5 exf5 31.Reb1 Rcc6 32.a4 Kf7 33.Rb5 Kf6 34.Kg2 Re6 35.R1b2 h5
36.a5 bxa5 37.Rxa5 Rc4 38.Rab5 f4 39.exf4 Rxf4 40.R5b4 Rf5 41.a4 Rg5+ 42.Kh2 Re1  1/2-1/2

[Event "SWZ-ch op"]
[Site "Luzern"]
[Date "1994.??.??"]
[Round "?"]
[White "Adianto, Utut"]
[Black "Savchenko, Stanislav"]
[Result "1/2-1/2"]
[WhiteElo "2520"]
[BlackElo "2570"]

1.d4 d5 2.Nf3 c6 3.c4 Nf6 4.Nc3 e6 5.Qb3 a6 6.Bg5 dxc4 7.Qxc4 b5 8.Qb3 c5
9.Bxf6 gxf6 10.dxc5 Bxc5 11.g3 Qb6 12.Ne4 Nd7 13.Bg2 Bb7 14.Nxc5 Qa5+ 15.Kf1 Nxc5
16.Qe3 Qb6 17.Rc1 Rc8 18.b4 Nd7 19.Rxc8+ Bxc8 20.Qxb6 Nxb6 21.Ne1 e5 22.Nd3 Ke7
23.f4 Nc4 24.Kf2 Rd8 25.Ra1 Rd4 26.Nc5 Na3 27.fxe5 fxe5 28.Nd3 e4 29.Ne5 Ke6
30.Rc1 Nc4 31.Nxc4 bxc4 32.Bf1 Ke5 33.e3 Rd2+ 34.Ke1 Rxa2 35.Rxc4 Ra1+ 36.Kf2 Ra2+
37.Ke1 Be6 38.Rc5+ Kd6 39.Ra5 Rxh2 40.Rxa6+ Kc7 41.b5 Rb2 42.Ra4  1/2-1/2

[Event "Moscow PCA-op rapid"]
[Site "Moscow"]
[Date "1994.??.??"]
[Round "1"]
[White "Bareev, Evgeny"]
[Black "Gurevich, Dmitry"]
[Result "1/2-1/2"]
[WhiteElo "2685"]
[BlackElo "2545"]

1.d4 d5 2.c4 c6 3.Nf3 Nf6 4.Nc3 e6 5.Qb3 Be7 6.Bg5 O-O 7.e3 Nbd7 8.Bd3 a6
9.a4 dxc4 10.Bxc4 b5 11.Be2 b4 12.Na2 c5 13.O-O cxd4 14.exd4 Bb7 15.Nc1 Bd5
16.Qd1 Ne4 17.Bxe7 Qxe7 18.a5 Rfc8 19.Nd3 b3 20.Nf4 Qb4 21.Bd3 g6 22.Ra3 Rab8
23.Qe1 Qb7 24.Qe2 Qa8 25.Raa1 Bb7 26.Rfe1 Nef6 27.Ng5 Nf8 28.Bc4 Nd5 29.Ngh3 Rc7
30.Rad1 Rd7 31.Nd3 Nb4 32.Nxb4 Bxg2 33.Nf4 Bf3 34.Qd2 Bxd1 35.Rxd1 Qf3 36.Be2 Qe4
37.Nxa6 Rc8 38.Nb4 e5 39.Nfd3 Rxd4 40.f3 Qa8 41.Qe3 Qxa5 42.Qd2 Ne6 43.Qe1 Rcc4
44.Ra1 Qb6 45.Ra6 Qb7 46.Ra5 Rxb4 47.Nxb4 Rxb4 48.Rxe5 Nf4 49.Re8+ Kg7 50.Qc3+ Kh6
51.Kf1 Ra4 52.Qc5 Qa7 53.Qxa7 Rxa7 54.Bc4 Ra1+ 55.Re1  1/2-1/2

[Event "Moscow ol (Men)"]
[Site "Moscow"]
[Date "1994.??.??"]
[Round "2"]
[White "Robatsch, Karl"]
[Black "Olafsson, Helgi"]
[Result "1/2-1/2"]
[WhiteElo "2410"]
[BlackElo "2520"]

1.Nf3 d5 2.d4 Nf6 3.c4 e6 4.Nc3 c6 5.Qb3 dxc4 6.Qxc4 b5 7.Qd3 a6 8.e4 c5
9.dxc5 Qxd3 10.Bxd3 Bxc5 11.e5 Nfd7 12.Be4 Ra7 13.Ke2 b4 14.Na4 a5 15.Be3 Ba6+
16.Kd2 Bxe3+ 17.Kxe3 Ke7 18.Rac1 g5 19.h3 h6 20.Nc5 Rc8 21.Nxa6 Rxc1 22.Rxc1 Nxa6
23.Rc8 Ndc5 24.Rc6 Na4 25.Rc2 Nc7 26.Nd4 f5 27.exf6+ Kxf6 28.Nc6 Ra6  1/2-1/2

[Event "Moscow ol (Men)"]
[Site "Moscow"]
[Date "1994.??.??"]
[Round "4"]
[White "Milovanovic, Rade"]
[Black "Ruzele, Darius"]
[Result "0-1"]
[WhiteElo "2435"]
[BlackElo "2495"]

1.d4 d5 2.c4 e6 3.Nf3 Nf6 4.Nc3 c6 5.Qb3 dxc4 6.Qxc4 b5 7.Qd3 Bb7 8.g3 Nbd7
9.Bg2 Be7 10.O-O O-O 11.Bg5 b4 12.Na4 Qa5 13.Qc2 Rac8 14.Bxf6 Bxf6 15.Rfc1 c5
16.Nxc5 Bxf3 17.Bxf3 Bxd4 18.Nb3 Bxf2+ 19.Kg2 Rxc2 20.Nxa5 Rxc1 21.Rxc1 Bb6
22.Nc6 a5 23.Rd1 Nb8 24.Ne5 Rc8 25.Rd2 g6 26.h4 Kg7 27.b3 Rc3 28.g4 h6 29.Nc4 Bc7
30.Nb2 Kf6 31.Nd1 Rc1 32.Nb2 Ke7 33.Nc4 Nd7 34.Bc6 Nc5 35.Bb5 Rc3 36.e3 Rc1
37.Nb2 Rc3 38.Nd1 Rc1 39.Nb2 Re1 40.Rc2 Bd6 41.Nc4 Ne4 42.Kf3 Nc3 43.Bc6 Rh1
44.Rd2 Rh3+ 45.Kg2 Rh2+ 46.Kf3 Rxd2 47.Nxd2 Nxa2 48.Nc4 Bc7 49.h5 gxh5 50.gxh5 Nc1
51.Nd2 Nd3 52.Bb5 Nc5 53.Bc4 a4 54.bxa4 Nxa4 55.Nb3 Bb6 56.e4 Kf6 57.Bb5 Nc5
58.Nd2 Bc7 59.Ke3 Be5 60.Be2 Bc3 61.Nf3 b3 62.Bd1 b2 63.Bc2 Nd7 64.Kd3 Ne5+
65.Kxc3 Nxf3 66.Kxb2 Ke5 67.Kc3 Ng5 68.Kd3 Nxe4 69.Ke3 Nf6  0-1

[Event "New York op"]
[Site "New York"]
[Date "1994.??.??"]
[Round "9"]
[White "Adianto, Utut"]
[Black "Shabalov, Alexander"]
[Result "0-1"]
[WhiteElo "2535"]
[BlackElo "2590"]

1.d4 d5 2.Nf3 Nf6 3.c4 c6 4.Nc3 e6 5.Qb3 dxc4 6.Qxc4 b5 7.Qb3 Nbd7 8.Bg5 Be7
9.e3 a6 10.Bxf6 Bxf6 11.Ne4 Be7 12.Rc1 Qa5+ 13.Nfd2 Bb7 14.Bd3 Rd8 15.O-O c5
16.dxc5 Ne5 17.Rc3 Bxe4 18.Nxe4 b4 19.f4 bxc3 20.fxe5 Rxd3 21.Qb7 Rd7 22.Qc8+ Qd8
23.Qxa6 cxb2 24.c6 Rc7  0-1

[Event "Oberwart op"]
[Site "Oberwart"]
[Date "1994.??.??"]
[Round "3"]
[White "Zilberman, Yaacov"]
[Black "Daverkausen, Bernd"]
[Result "1-0"]
[WhiteElo "2460"]
[BlackElo "2265"]

1.d4 d5 2.c4 c6 3.Nf3 Nf6 4.Nc3 e6 5.Qb3 dxc4 6.Qxc4 b5 7.Qb3 Nbd7 8.Bg5 Qa5
9.Bxf6 Nxf6 10.e3 a6 11.Be2 c5 12.O-O c4 13.Qc2 Bb7 14.a4 b4 15.Nb1 Bd6 16.Nbd2 Rc8
17.Nxc4 Qc7 18.Rfc1 Ke7 19.Qd1 h5 20.Nfe5 Ng4 21.Nxd6 Qxd6 22.Bxg4 hxg4 23.Qxg4  1-0

[Event "Sevilla op"]
[Site "Sevilla"]
[Date "1994.??.??"]
[Round "9"]
[White "Oms Pallise, Josep"]
[Black "Komljenovic, Davor"]
[Result "0-1"]
[WhiteElo "2305"]
[BlackElo "2470"]

1.Nf3 d5 2.d4 Nf6 3.c4 c6 4.Nc3 e6 5.Qb3 dxc4 6.Qxc4 b5 7.Qd3 Bb7 8.Bg5 Nbd7
9.e4 h6 10.Bh4 Qa5 11.e5 Nd5 12.Nd2 Nf4 13.Qe4 g5 14.Bg3 O-O-O 15.Qc2 Kb8
16.Nb3 Qb6 17.O-O-O c5 18.dxc5 Bxc5 19.Bxb5 Nxe5 20.Rxd8+ Rxd8 21.Rd1 Rxd1+
22.Qxd1 Bb4 23.Bf1 Bxc3 24.bxc3 Bd5 25.Kb2 Kc7 26.Qd4 Nc4+ 27.Kc1 e5 28.Bxf4 Qxd4
29.Nxd4 exf4 30.Nf5 Ne5 31.Kb2 Ng4 32.Be2 Nxf2 33.Nxh6 f6 34.Bf1 Nd1+ 35.Ka3 Ne3
36.Bd3 Kd6 37.Kb4 Bxg2 38.c4 Bc6 39.Ng8 Ke5 40.Kc5 Bg2 41.Ne7 f3 42.Nc6+ Kf4
43.Kd6 f2 44.c5 Be4 45.Ba6 Nf5+ 46.Kd7 Ke3 47.Nb4 Nd4 48.Kd6 Ne2  0-1

[Event "Tiraspol"]
[Site "Tiraspol"]
[Date "1994.??.??"]
[Round "2"]
[White "Nesterov, Jakov"]
[Black "Vasiukov, Evgeni"]
[Result "1/2-1/2"]
[WhiteElo "2460"]
[BlackElo "2505"]

1.d4 d5 2.c4 c6 3.Nf3 Nf6 4.Nc3 e6 5.Qb3 Nbd7 6.g3 Bd6 7.Bg2 O-O 8.O-O Qe7
9.Bf4 Bxf4 10.gxf4 dxc4 11.Qxc4 Nd5 12.e3 Rd8 13.Rac1 Nf8 14.Ne4 f6 15.Nc5 Ng6
16.b4 a5 17.bxa5 Rxa5 18.Rfd1 Ra3 19.Nd3 Bd7 20.Rd2 Rda8 21.Rb2 Bc8 22.Bf1 R8a4
23.Qc2 Ra7 24.Qd2 Qc7 25.Rcc2 Kf7 26.Qc1 h6 27.Nd2 Ra8 28.Nc4 R3a7 29.Qd1 Kg8
30.Qh5 Nf8 31.Bg2 Rb8 32.f5 Ne7 33.fxe6 Bxe6 34.Qc5 b5 35.Nd2 Bf5 36.e4 Ne6
37.Qc3 Bg6 38.d5 cxd5 39.exd5 Qd8 40.dxe6 Bxd3 41.Qc5 Ra6 42.Rc3 Rxe6 43.Nf3 Rc8
44.Qa3 Bc4 45.Rc1 Rd6 46.Re1 Ng6 47.Qe3 Re6 48.Qd2 Qxd2 49.Rxd2 Rxe1+ 50.Nxe1  1/2-1/2

[Event "LTU-ch  Vilnius"]
[Site "Vilnius"]
[Date "1994.??.??"]
[Round "12"]
[White "Kaunas, Kestutis"]
[Black "Grabliauskas, Virginijus"]
[Result "0-1"]
[WhiteElo "2325"]
[BlackElo "2340"]

1.Nf3 d5 2.d4 Nf6 3.c4 e6 4.Nc3 c6 5.Qb3 dxc4 6.Qxc4 b5 7.Qd3 Nbd7 8.a3 b4
9.axb4 Bxb4 10.g3 a5 11.Bg2 Ba6 12.Qc2 c5 13.O-O Rc8 14.Rd1 Bb7 15.dxc5 Qe7
16.Na4 O-O 17.Bd2 Be4 18.Qb3 Rb8 19.Qe3 Bc2 20.c6 Bxd1 21.Rxd1 Nd5 22.Qa7 N7b6
23.Qxe7 Bxe7 24.Nxb6 Rxb6 25.Nd4 a4 26.Bxd5 exd5 27.Ra1 Ra8 28.c7 Rba6 29.Rc1 Rc8
30.Nb5 Bf6 31.Rc2 Be5 32.Be3 Ra5 33.Rc5 Bxb2 34.Rxd5 Raa8 35.Bb6 a3 36.Nd6 Rxc7
37.Bxc7 a2 38.Rd1 a1=Q 39.Rxa1 Rxa1+ 40.Kg2 Be5 41.Nb5 Bxc7 42.Nxc7 Ra5 43.e4 Re5
44.Kf3 f5 45.exf5 Rxf5+ 46.Ke3 Kf7 47.Na6 Rb5 48.h4 Ke7 49.Nc7 Re5+ 50.Kd4 Kd6
51.f3 h5 52.f4 Ra5 53.Ne8+ Ke7 54.Nc7 Ra4+ 55.Ke5 Ra3 56.Nd5+ Kf7 57.f5 Rxg3
58.Nf4 Rg4 59.Nxh5 Rxh4 60.Nf4 Rh1 61.Nd5 Re1+ 62.Kf4 Ke8 63.Ne3 Ke7 64.Ng4 Kd6
65.Kg5 Rg1 66.Kf4 Ra1 67.Kg5 Rg1 68.Kf4 Rg2 69.Kf3 Ra2 70.Kf4 Ra3 71.Kg5 Rg3
72.Kf4 Rg1 73.Ne3 Kc5 74.Ng4 Kd6 75.Ne3 Ke7 76.Ng4 Kf7 77.Ne5+ Kg8 78.Ng4 Kh7
79.Kg5 Rg2 80.Kf4 Ra2 81.Kg3 Ra4 82.Kf3 Kg8 83.Kg3 Kf7 84.Kh4 Ra5 85.Kg5 g6
86.Ne3 gxf5 87.Ng2 Ke6 88.Nh4 Ra4 89.Nf3 Rg4+ 90.Kh5 Kd5 91.Nh2 Rg2 92.Nf3 Ke4  0-1

[Event "Aalborg op"]
[Site "Aalborg"]
[Date "1995.??.??"]
[Round "8"]
[White "Mochalov, Evgeny V"]
[Black "Kjeldsen, Jens"]
[Result "1-0"]
[WhiteElo "2470"]
[BlackElo "2425"]

1.d4 Nf6 2.Nf3 d5 3.c4 c6 4.Nc3 e6 5.Qb3 dxc4 6.Qxc4 b5 7.Qd3 Nbd7 8.g3 Be7
9.Bg2 O-O 10.O-O Bb7 11.Rd1 a6 12.Bg5 c5 13.dxc5 Nxc5 14.Qe3 Qc7 15.Rac1 Ng4
16.Qd4 Nf6 17.b4 Rfd8 18.Qh4 h6 19.Bf4 e5 20.Bxe5 Qb6 21.bxc5 Qxc5 22.Qf4 Qa3
23.Ne4 g5 24.Qf5 Qxa2 25.Rd2 Qd5  1-0

[Event "Antwerp op"]
[Site "Antwerp"]
[Date "1995.??.??"]
[Round "4"]
[White "Kortschnoj, Viktor"]
[Black "Novikov, Igor A"]
[Result "1/2-1/2"]
[WhiteElo "2635"]
[BlackElo "2580"]

1.c4 e6 2.Nc3 d5 3.d4 c6 4.Nf3 Nf6 5.Qb3 dxc4 6.Qxc4 b5 7.Qd3 Nbd7 8.a3 b4
9.axb4 Bxb4 10.e4 Bb7 11.e5 Nd5 12.Be2 c5 13.O-O h6 14.Nb5 cxd4 15.Qxd4 Qb6
16.Qg4 g6 17.Nd6+ Bxd6 18.exd6 Qxd6 19.Rxa7 Rxa7 20.Qd4 h5 21.Qxa7 Qb6 22.Qa4 Ke7
23.Bb5 Ra8 24.Qh4+ Ke8 25.Bxd7+ Kxd7 26.Qg5 Qd8 27.Ne5+ Ke8 28.Qh6 Qf6 29.Nc4 Kd7
30.Qd2 Ke7 31.b3 Kf8 32.Nd6 Bc6 33.Ne4 Qe5 34.f3 Kg8 35.g3 Nf6 36.Nxf6+ Qxf6
37.Bb2 e5 38.b4 Qe6 39.Qe2 Rb8 40.Bc3 Bb5 41.Qxe5 Qxe5 42.Bxe5 Re8 43.Re1 f6
44.Bc3 Rxe1+ 45.Bxe1 Kf7 46.Kf2 Ke6 47.Bc3 f5 48.Ke3 Kd5 49.Kf4 Ke6 50.Kg5  1/2-1/2

[Event "AUT-chT9495"]
[Site "?"]
[Date "1995.??.??"]
[Round "?"]
[White "Titz, Heimo"]
[Black "Volkmann, Friedrich"]
[Result "0-1"]
[WhiteElo "2330"]
[BlackElo "2315"]

1.c4 e6 2.Nf3 d5 3.d4 Nf6 4.Nc3 c6 5.Qb3 Nbd7 6.Bg5 Qa5 7.e3 Ne4 8.Bf4 g5
9.Bg3 h5 10.h4 g4 11.Nd2 Nxg3 12.fxg3 Bd6 13.Ne2 dxc4 14.Qxc4 e5 15.a3 exd4
16.exd4 Nb6 17.Qc3 Qf5 18.Qe3+ Be6 19.Ne4 O-O-O 20.N2c3 Nd5 21.Nxd5 Bxd5
22.Nxd6+ Rxd6 23.Bd3 Qe6 24.Qxe6+ Bxe6 25.O-O Rxd4 26.Bf5 Rd2 27.Bxe6+ fxe6
28.Rae1 Rxb2 29.Rxe6 Rd8 30.Re7 Rbd2 31.Rh7 R2d5 32.Rff7 Rb5 33.a4 Rb1+ 34.Kf2 Rb2+
35.Ke3 a6 36.Rxh5 Rxg2 37.Rhh7 Rxg3+ 38.Kf4 Rb3 39.Kxg4 Rd4+ 40.Rf4 Rxf4+
41.Kxf4 Rb4+ 42.Ke5 Rxa4 43.h5 Kb8 44.h6 Ka7 45.Kd6 Kb6 46.Kd7 Rf4 47.Rg7 Rh4
48.h7 Kb5 49.Ke6 b6 50.Kf5 c5 51.Kg5 Rh1 52.Kg4 a5  0-1

[Event "AUT-chT9495"]
[Site "?"]
[Date "1995.??.??"]
[Round "?"]
[White "Robatsch, Karl"]
[Black "Lukacs, Peter"]
[Result "1/2-1/2"]
[WhiteElo "2410"]
[BlackElo "2490"]

1.Nf3 d5 2.d4 Nf6 3.c4 e6 4.Nc3 c6 5.Qb3 dxc4 6.Qxc4 b5 7.Qd3 Bb7 8.Bg5 Nbd7
9.a3 Qa5 10.Bd2 Qb6 11.e3  1/2-1/2

[Event "Balatonbereny-C"]
[Site "Balatonbereny"]
[Date "1995.??.??"]
[Round "4"]
[White "Titz, Heimo"]
[Black "Gross, David2"]
[Result "1-0"]
[WhiteElo "2300"]
[BlackElo "2240"]

1.c4 e6 2.Nc3 d5 3.d4 c6 4.Nf3 Nf6 5.Qb3 dxc4 6.Qxc4 b5 7.Qd3 a6 8.a4 b4
9.Ne4 Nxe4 10.Qxe4 Bb7 11.Bf4 Nd7 12.e3 Nf6 13.Qe5 c5 14.dxc5 Nd7 15.Qd4 Nxc5
16.Bc4 Qxd4 17.exd4 Ne4 18.O-O Bd6 19.Be3 O-O 20.Rac1 Nf6 21.Nd2 Rfc8 22.Rc2 Kf8
23.Rfc1 h6 24.Bd3 Rxc2 25.Rxc2 Ke7 26.h3 Nd5 27.Nb3 a5 28.Bb5 Nc7 29.Bc6 Bxc6
30.Rxc6 Kd7 31.Rb6 Nd5 32.Rb5 Bc7 33.Kf1 Nb6 34.Nxa5 Nxa4 35.Nc4 Rb8 36.Rxb8 Bxb8
37.Ke2 Kc6 38.Kd3 Kb5 39.Bd2 Bc7 40.b3 Nb6 41.Nxb6 Bxb6 42.Ke4 Ba5 43.d5 exd5+
44.Kxd5 Bc7 45.g4 g5 46.f3 Bg3 47.Be3 Be1 48.Bc5 Bc3 49.Bf8  1-0

[Event "Berliner Sommer"]
[Site "Berlin"]
[Date "1995.??.??"]
[Round "2"]
[White "Lerner, Konstantin Z"]
[Black "Kadimova, Ilaha"]
[Result "1/2-1/2"]
[WhiteElo "2605"]
[BlackElo "2305"]

1.d4 d5 2.c4 c6 3.Nf3 Nf6 4.Nc3 e6 5.Qb3 dxc4 6.Qxc4 b5 7.Qd3 Bb7 8.Bg5 Nbd7
9.e4 Qa5 10.e5 Nd5 11.Bd2 b4 12.Ne4 c5 13.dxc5 Nxc5 14.Qb5+ Qxb5 15.Bxb5+ Kd8
16.Nfg5 Nxe4 17.Nxe4 h6 18.O-O a6 19.Bd3 Kd7 20.f4 g6 21.a3 Be7 22.Rfd1 a5
23.Rac1 Rhc8 24.Bb5+ Bc6 25.Rxc6 Rxc6 26.Rc1 Ra6 27.a4 Rb6 28.Rxc6 Rxc6 29.Kf2 Kc7
30.Bxc6 Kxc6 31.b3 f5 32.exf6 Nxf6 33.Kf3 Kd5 34.Nxf6+ Bxf6 35.Ke3 h5 36.Kd3 Bd8
37.Be3 Bc7 38.g3 Bd8 39.Bd4 Bc7 40.Bf6 Bb6 41.h3 Bc7 42.Ke3 Bb6+ 43.Kf3 Bc7
44.g4 hxg4+ 45.hxg4 Bb6 46.Be5 Bd8 47.Ke3 Bb6+ 48.Kd3  1/2-1/2

[Event "Biel op"]
[Site "Biel"]
[Date "1995.??.??"]
[Round "11"]
[White "Konopka, Michal"]
[Black "Toth, Bela"]
[Result "1-0"]
[WhiteElo "2420"]
[BlackElo "2400"]

1.Nf3 d5 2.d4 Nf6 3.c4 c6 4.Qb3 e6 5.Nc3 Be7 6.g3 Ne4 7.Bg2 f5 8.O-O Nd7
9.Rd1 O-O 10.Bd2 Kh8 11.e3 Bf6 12.Ne2 Nxd2 13.Nxd2 Qe7 14.Rac1 g6 15.Nf4 Bg7
16.Nd3 Nf6 17.Nf3 Ne4 18.Nfe5 g5 19.f3 Nd6 20.Qa3 Bd7 21.Nc5 Be8 22.Nxb7 Qxb7
23.Qxd6 Qxb2 24.Qxe6 Qa3 25.Nxc6 Bxc6 26.Qxc6 Qxe3+ 27.Kh1 Rab8 28.cxd5 Rb2
29.Rc2 Rxc2 30.Qxc2 f4 31.d6 fxg3 32.d7 gxh2 33.Qe4 Qa3 34.d5 Bf6 35.d6 Qa5
36.Qe7 Qd8 37.Re1  1-0

[Event "Bled op"]
[Site "Bled"]
[Date "1995.??.??"]
[Round "3"]
[White "Polajzer, Danilo"]
[Black "Wells, Peter K"]
[Result "1/2-1/2"]
[WhiteElo "2430"]
[BlackElo "2530"]

1.Nf3 d5 2.d4 Nf6 3.c4 e6 4.Nc3 c6 5.Qb3 dxc4 6.Qxc4 b5 7.Qd3 Be7 8.Bg5 O-O
9.g3 Ba6 10.Qc2 Qa5 11.Bxf6 gxf6 12.Nd2 Nd7 13.Bg2 Rac8 14.Nb3 Qb6 15.Ne4 c5
16.dxc5 Nxc5 17.Nbxc5 Bxc5 18.Nxf6+ Kg7 19.Qxh7+ Kxf6 20.Qh4+ Kg7 21.Qg5+  1/2-1/2

[Event "Ciocaltea mem"]
[Site "Bucharest"]
[Date "1995.??.??"]
[Round "4"]
[White "Dumitrache, Dragos"]
[Black "Rogozenko, Dorin"]
[Result "1-0"]
[WhiteElo "2530"]
[BlackElo "2440"]

1.d4 d5 2.c4 c6 3.Nf3 Nf6 4.Nc3 e6 5.Qb3 dxc4 6.Qxc4 b5 7.Qd3 Ba6 8.Ne4 Nxe4
9.Qxe4 b4 10.g3 Be7 11.Bg2 O-O 12.Bf4 Qd5 13.Ne5 Rc8 14.h4 Bb5 15.Bf3 Qxe4
16.Bxe4 f6 17.Nd3 Nd7 18.Rc1 a5 19.Rc2 a4 20.O-O Nb6 21.Nc5 Bxc5 22.Rxc5 Bxe2
23.Rfc1 Nd5 24.Bxd5 exd5 25.Rxc6 Rxc6 26.Rxc6 a3 27.b3 Bc4 28.bxc4 b3 29.cxd5 b2
30.Rb6 Kf7 31.d6 Rc8 32.d7 Rc1+ 33.Kg2 Ke7 34.Rd6 Kd8 35.Bd2 Rg1+ 36.Kf3 b1=Q
37.Ba5+ Ke7 38.d8=Q+ Kf7 39.Qd7+ Kg6 40.Qg4+ Kf7 41.Rd7+ Kf8 42.Qxg7+  1-0

[Event "Budapest FS04 IM"]
[Site "Budapest"]
[Date "1995.??.??"]
[Round "1"]
[White "Mah, Karl"]
[Black "Schlusnik, Nandor"]
[Result "1/2-1/2"]
[WhiteElo "2170"]
[BlackElo "2095"]

1.d4 d5 2.c4 e6 3.Nc3 c6 4.Nf3 Nf6 5.Qb3 dxc4 6.Qxc4 b5 7.Qd3 Be7 8.g3 O-O
9.Bg2 Ba6 10.Ne4 Nbd7 11.Nxf6+ Bxf6 12.Be3 Rc8 13.O-O c5 14.Qa3 cxd4 15.Nxd4 Nb8
16.Nc6 Bxb2 17.Qxb2 Nxc6 18.Rac1 Na5 19.Bxa7 Qe7 20.Be3 Nc4 21.Qb3 Nxe3 22.Qxe3 g6
23.Qb6 Qa3 24.Rxc8 Rxc8 25.Bb7 Bxb7 26.Qxb7  1/2-1/2

[Event "Budapest FS12 IM"]
[Site "Budapest"]
[Date "1995.??.??"]
[Round "9"]
[White "Kasantsev, Anatolij B"]
[Black "Jakovenko, Dmitrij"]
[Result "1-0"]
[WhiteElo "2300"]
[BlackElo "2275"]

1.d4 d5 2.c4 e6 3.Nc3 c6 4.Nf3 Nf6 5.Qb3 Be7 6.g3 O-O 7.Bg2 b6 8.O-O Ba6
9.cxd5 exd5 10.Ne5 Bd6 11.Bg5 Bb7 12.e4 h6 13.Bxf6 Qxf6 14.exd5 Bxe5 15.dxe5 Qxe5
16.Rfe1 Qd6 17.Rad1 c5 18.Ne4 Qd7 19.Qe3 Kh8 20.Nf6 Qc8 21.Qe7 Ba6 22.Ne8 Nd7
23.Nd6  1-0

[Event "CAN-ch"]
[Site "CAN"]
[Date "1995.??.??"]
[Round "7"]
[White "Hergott, Deen"]
[Black "Kiviaho, Bob"]
[Result "1-0"]
[WhiteElo "2475"]
[BlackElo "2230"]

1.d4 Nf6 2.Nf3 d5 3.c4 c6 4.Nc3 e6 5.Qb3 Nbd7 6.g3 Qb6 7.c5 Qxb3 8.axb3 e5
9.b4 exd4 10.Nxd4 Ne5 11.f4 Neg4 12.h3 Nh6 13.g4 Nhg8 14.Bg2 Be7 15.O-O Kd8
16.f5 g6 17.g5 Nh5 18.f6 Bf8 19.e4 dxe4 20.Nxe4 h6 21.h4 Kc7 22.b5 cxb5 23.Nxb5+ Kb8
24.Rd1 a6 25.Nbd6 hxg5 26.hxg5 Be6 27.Nxb7 Kxb7 28.Nd6+ Kb8 29.Bxa8 Kxa8
30.Rxa6+ Kb8 31.Rd3 Ngxf6 32.gxf6 Nxf6 33.Rb6+ Kc7 34.Nb5+  1-0

[Event "Crailsheim op 1st"]
[Site "Crailsheim"]
[Date "1995.??.??"]
[Round "?"]
[White "Martynov, Pavel"]
[Black "Wells, Peter K"]
[Result "1/2-1/2"]
[WhiteElo "2420"]
[BlackElo "2530"]

1.d4 d5 2.Nf3 Nf6 3.c4 e6 4.Nc3 c6 5.Qb3 dxc4 6.Qxc4 b5 7.Qb3 Nbd7 8.g3 b4
9.Na4 Qa5 10.Bg2 Ba6 11.Qd1 Nd5 12.Bd2 Bb5 13.b3 Qa6 14.Nb2 Be7 15.Nc4 N7b6
16.Nxb6 axb6 17.Ne5 O-O 18.Rc1 c5 19.Rc2 cxd4 20.Bxd5 exd5 21.Bc1 Bd6 22.f4 Bxe5
23.fxe5 d3 24.exd3 Bxd3 25.Rd2 Be4 26.Rf1 Rac8 27.Bb2 Rc6 28.Kf2 Qxa2 29.Kg1 Qa8
30.Qg4 Rg6 31.Qf4 Qc8 32.Rc1 Rc6 33.Qf1 Rxc1 34.Qxc1 Qc5+ 35.Rf2 h6 36.Qd2 Rc8
37.Bd4 Qe7 38.Qe3 b5 39.Bb2 Qe6 40.Qd4 Qe7 41.Qb6 Qd7 42.Qe3 Qg4 43.Qe2 Qd7
44.Qe3 Rc6 45.Qe1 h5 46.Rd2 Qf5 47.Qf1 Qg6 48.Qf4 Ra6 49.h4 Ra2 50.Rf2 d4
51.Bxd4 Rxf2 52.Bxf2 Bd5 53.Be1 Qc2 54.Bd2 Qxb3 55.Bxb4 Qc2 56.Bd2 Bc4 57.Qe3 Qf5
58.Kh2 Qf1 59.Qe1 Qf3  1/2-1/2

[Event "CZE-chT2"]
[Site "?"]
[Date "1995.??.??"]
[Round "?"]
[White "Marsalek, Zdenek"]
[Black "Dufek, Jiri"]
[Result "1/2-1/2"]
[WhiteElo "2190"]
[BlackElo "2260"]

1.d4 d5 2.Nf3 Nf6 3.c4 c6 4.Nc3 e6 5.Qb3 dxc4 6.Qxc4 b5 7.Qb3 Nbd7 8.g3 b4
9.Na4 c5 10.Bg2 Bb7 11.Nxc5 Nxc5 12.dxc5 Bxc5 13.Be3 Bxe3 14.Qxe3 O-O 15.O-O Qa5
16.a3 Bd5 17.Qe5 bxa3 18.bxa3  1/2-1/2

[Event "Dortmund op"]
[Site "Dortmund"]
[Date "1995.??.??"]
[Round "9"]
[White "Pasalic, Mehmed"]
[Black "Blauert, Joerg"]
[Result "1-0"]
[WhiteElo "2355"]
[BlackElo "2390"]

1.Nf3 Nf6 2.c4 e6 3.d4 d5 4.Nc3 c6 5.Qb3 dxc4 6.Qxc4 b5 7.Qb3 Nbd7 8.Bg5 Be7
9.a3 c5 10.Rd1 a6 11.e3 Qc7 12.Be2 Bb7 13.O-O O-O 14.Rc1 Rac8 15.dxc5 Nxc5
16.Qa2 Qb6 17.b4 Nce4 18.Nxe4 Bxe4 19.Qb2 Qb7 20.Rxc8 Rxc8 21.Rc1 h6 22.Bf4 Nd5
23.Be5 f6 24.Bd4 e5 25.Bc5 Qc6 26.Nd2 Bf5 27.Nb3 Qe6 28.Bxe7 Rxc1+ 29.Nxc1 Nxe7
30.Nb3 Qd6 31.Nc5 Bg6 32.h3 Bf7 33.Qc3 Kf8 34.Qd3 Nc8 35.Qxd6+ Nxd6 36.Nxa6 Bc4
37.Bd1 Bd3 38.Nc5 Bf5 39.Bb3 Ke7 40.Kf1 e4 41.Bd5 g5 42.Ke1 Bg6 43.Kd1 f5
44.Kc2 Kf6 45.Nd7+ Ke7 46.Ne5 Be8 47.Kc3 Kf6 48.Kd4 Nc8 49.Bc6  1-0

[Event "NLD-ch sf"]
[Site "Enschede"]
[Date "1995.??.??"]
[Round "9"]
[White "Riemersma, Liafbern"]
[Black "Delemarre, Jop"]
[Result "1-0"]
[WhiteElo "2415"]
[BlackElo "2320"]

1.d4 d5 2.c4 c6 3.Nf3 Nf6 4.Nc3 e6 5.Qb3 Be7 6.Bg5 O-O 7.e3 Nbd7 8.Rd1 Re8
9.Bd3 b6 10.O-O Bb7 11.Rfe1 h6 12.Bh4 Qc8 13.cxd5 exd5 14.e4 c5 15.exd5 cxd4
16.Nxd4 Nc5 17.Qc2 Qg4 18.Rxe7 Qxh4 19.Nf5 Qg5 20.h4 Qh5 21.Be2 Qg6 22.Bb5 Nce4
23.Nxe4 Rec8 24.Rxb7 Qxf5 25.Nxf6+ Qxf6 26.Qe4 Rc5 27.Bc4 Rd8 28.d6 Rf8 29.Rxf7 Rxf7
30.Qe8+  1-0

[Event "FIN-chT"]
[Site "FIN"]
[Date "1995.??.??"]
[Round "?"]
[White "Pirttimaki, Timo"]
[Black "Liiva, Riho"]
[Result "1-0"]
[WhiteElo "2285"]
[BlackElo "2405"]

1.d4 d5 2.c4 c6 3.Nf3 Nf6 4.Qb3 e6 5.Nc3 dxc4 6.Qxc4 b5 7.Qb3 Nbd7 8.Bf4 a6
9.Rd1 c5 10.e3 Qa5 11.Be2 Bb7 12.O-O cxd4 13.exd4 Nd5 14.Bg3 Be7 15.Ra1 O-O
16.a4 b4 17.Nb1 N5b6 18.Nbd2 Rac8 19.Qd3 Rfd8 20.h4 Nf6 21.Ne5 Bd5 22.b3 Bb7
23.Ndc4 Nxc4 24.Nxc4 Qf5 25.Qxf5 exf5 26.Rfd1 Ne4 27.Bf3 Bf6 28.Be5 Bxh4
29.g3 Bg5 30.g4 f6 31.Bh2 g6 32.gxf5 gxf5 33.a5 Bd5 34.Nd6 Rc3 35.Bg2 Bxb3
36.Rdb1 Nxd6 37.Rxb3 Rxb3 38.Bd5+ Nf7 39.Bxb3 Rxd4 40.Re1 Re4 41.Rd1 Kf8
42.Rd7 Ne5 43.Ra7 Nf3+ 44.Kg2 Nxh2 45.Kxh2 Re2 46.Rxa6 Rxf2+ 47.Kh1 Rb2 48.Be6 Rb1+
49.Kg2 Ra1 50.Bxf5 h5 51.Ra8+ Ke7 52.a6 b3 53.Bg6 b2 54.a7 Kd7 55.Rf8 f5
56.Bxf5+  1-0

[Event "BL2-O9495"]
[Site "Germany"]
[Date "1995.??.??"]
[Round "?"]
[White "Konopka, Michal"]
[Black "Stettler, Michael"]
[Result "1/2-1/2"]
[WhiteElo "2455"]
[BlackElo "2370"]

1.Nf3 d5 2.d4 Nf6 3.c4 c6 4.Qb3 e6 5.Nc3 Nbd7 6.g3 Bd6 7.Bg2 O-O 8.O-O dxc4
9.Qxc4 Qe7 10.e4 e5 11.h3 exd4 12.Nxd4 Nb6 13.Qe2 Re8 14.Re1 Bd7 15.Be3 Rad8
16.Rad1 Bb4 17.Bf4 Bc8 18.Qc2 Qc5 19.Nb3 Qh5 20.g4 Qg6 21.Rxd8 Rxd8 22.Rd1 Re8
23.f3 Nfd5 24.Bc1 h5 25.Nxd5 cxd5 26.g5  1/2-1/2